| 000 | 01161nam0a22002651 4500 | ||
|---|---|---|---|
| 001 | rc\2168732 | ||
| 005 | 20260407122938.0 | ||
| 035 | _a(NLR Aleph) 006604032 | ||
| 090 |
_a7278458 _c7278459 |
||
| 100 | _a20110829d1979 |||y0rusy50 ca | ||
| 101 | 0 | _arus | |
| 102 | _aRU | ||
| 105 | _ay z ||||| | ||
| 200 | 1 |
_aВажнейший этап совершенствования планового управления экономикой развитого социализма _e(Метод. рек. в помощь лектору) _fХарьков. обл. орг. о-ва "Знание" УССР _g[Сост.: Н.А. Сероштан, к. э. н., доц.] |
|
| 210 |
_aХарьков _cБ. и. _d1979 |
||
| 215 |
_a[2], 19 с. _d20 |
||
| 320 | _aБиблиогр.: с. 19 | ||
| 702 | 1 |
_aСероштан _bН.А. _gНиколай Антонович |
|
| 712 | 0 | 2 |
_a"Знание", общество УССР _cКиев _bХарьковское областное отделение _3RU\NLR\AUTH\889960572 _9417423 |
| 801 | 0 |
_aRU _bNLR _gpsbo |
|
| 801 | 1 |
_aRU _bELAR _2rusmarc |
|
| 852 |
_aNLR _j80-4/5396 |
||
| 899 |
_aRuMoRGB _jM 80-5/419 |
||
| 942 | _cBOOK | ||
| 980 | _aNB | ||